MARC

LEADER 00000nam0a2200000 4500
001 140650
005 20231031142122.0
029 1 0 |a RU  |b 50.1.031-2001  |c Р 
035 |a (RuTPU)RU\TPU\book\152373 
035 |a RU\TPU\book\152368 
090 |a 140650 
100 |a 20080703d2001 k y0rusy50 ca 
101 0 |a rus 
102 |a RU 
105 |a y l 000zy 
200 1 |a Терминологический словарь. Информационные технологии поддержки жизненного цикла продукции  |a Стадии жизненного цикла продукции  |h Часть 1 
205 |a Изд. официальное 
210 |a Москва  |c Госстандарт России  |d 2001 
215 |a 27 с.  |c ил. 
225 1 |a Рекомендации по стандартизации 
229 |a Введены в действие Постановлением Госстандарта России от 2 июля 2001 г. № 256-ст. Введены впервые 
610 1 |a рекомендации 
610 1 |a термины 
610 1 |a определения 
610 1 |a документы 
610 1 |a электронные документы 
610 1 |a рекомендации по стандартизации 
610 1 |a данные 
610 1 |a изделия 
610 1 |a жизненный цикл 
610 1 |a предприятия 
610 1 |a производство 
610 1 |a маркетинг 
610 1 |a проектирование 
610 1 |a конструирование 
610 1 |a технология 
610 1 |a эксплуатация 
610 1 |a логистика 
610 1 |a логистическая поддержка 
610 1 |a информация 
610 1 |a информационная среда 
801 1 |a RU  |b 63413507  |c 20030819  |g PSBO 
801 2 |a RU  |b 63413507  |c 20221207  |g PSBO 
942 |c BK